MARKETING MANAGEMENT (Record no. 8670)
[ view plain ]
| 000 -LEADER | |
|---|---|
| fixed length control field | 00339nam a2200133Ia 4500 |
| 008 - FIXED-LENGTH DATA ELEMENTS--GENERAL INFORMATION | |
| fixed length control field | 240624s9999 xx 000 0 und d |
| 041 ## - LANGUAGE CODE | |
| Language code of text/sound track or separate title | eng |
| 082 ## - DEWEY DECIMAL CLASSIFICATION NUMBER | |
| Classification number | 658.8 KOT |
| 100 ## - MAIN ENTRY--PERSONAL NAME | |
| Personal name | KOTLER PHILIP |
| 245 ## - TITLE STATEMENT | |
| Title | MARKETING MANAGEMENT |
| 250 ## - EDITION STATEMENT | |
| Edition statement | (12th ed.) |
| 260 ## - PUBLICATION, DISTRIBUTION, ETC. | |
| Date of publication, distribution, etc. | 2006 |
| Place of publication, distribution, etc. | New Delhi |
| Name of publisher, distributor, etc. | Pearson Education |
| 300 ## - PHYSICAL DESCRIPTION | |
| Extent | xxxix, : 672 : p. ; 27cm. |
| Withdrawn status | Lost status | Damaged status | Not for loan | Home library | Current library | Shelving location | Date acquired | Full call number | Barcode | Date last seen | Price effective from | Koha item type |
|---|---|---|---|---|---|---|---|---|---|---|---|---|
| Store Books | IMTN | IMTN | Rack 32-B | 05/12/2008 | 658.8 KOT | 8670 | 06/24/2024 | 06/24/2024 | Books |